「あ」を210回入力 - Statistics

General Stats
  • This quiz has been taken 10,748 times
  • The average score is 102 of 210
Answer Stats
Answer % Correct
100%
99%
99%
99%
98%
98%
98%
97%
97%
97%
96%
96%
95%
95%
95%
94%
94%
94%
93%
93%
93%
92%
92%
92%
92%
91%
91%
91%
91%
91%
91%
91%
91%
90%
90%
90%
90%
89%
89%
89%
89%
88%
88%
88%
87%
87%
86%
86%
86%
85%
85%
85%
84%
83%
83%
83%
82%
81%
81%
80%
79%
79%
78%
78%
77%
77%
76%
75%
75%
74%
73%
73%
72%
71%
70%
69%
69%
67%
66%
65%
64%
63%
62%
61%
60%
59%
58%
56%
55%
54%
53%
51%
50%
49%
49%
48%
47%
46%
45%
44%
43%
43%
42%
41%
40%
39%
38%
38%
37%
37%
36%
35%
35%
34%
34%
33%
33%
32%
32%
31%
31%
30%
30%
30%
29%
29%
28%
27%
27%
26%
26%
25%
25%
25%
24%
24%
23%
23%
23%
22%
22%
22%
21%
21%
20%
20%
20%
20%
19%
19%
19%
19%
18%
18%
18%
18%
18%
17%
17%
17%
17%
17%
16%
16%
15%
15%
15%
15%
15%
14%
14%
14%
14%
13%
13%
13%
12%
12%
12%
12%
12%
12%
12%
11%
11%
11%
11%
11%
11%
11%
10%
10%
10%
10%
10%
10%
10%
9%
9%
9%
9%
9%
9%
8%
8%
8%
8%
7%
7%
7%
No matching quizzes found
Score Distribution
Percent of People with Each Score
Percentile by Number Answered
Your Score History
You have not taken this quiz